| 000 | 00342nam a2200145 a 4500 | ||
|---|---|---|---|
| 001 | 5005 | ||
| 003 | CDMR | ||
| 005 | 20130116135303.0 | ||
| 008 | 130130s1995||||||||||||||||||||||||||||d | ||
| 040 |
_aCDMR _bcat _cCPC GIRONA |
||
| 245 | 3 |
_aLa ciutat de Girona l'any 1535 _cVaris |
|
| 260 |
_c1995 _bAjuntament de Girona |
||
| 490 | 0 | _v2 | |
| 942 | _cMON | ||
| 999 |
_c5005 _d5005 |
||